| 000 | 01980nam a2200397 c 4500 | ||
|---|---|---|---|
| 003 | BLK | ||
| 005 | 20250716134720.0 | ||
| 008 | 180411b bul|||||r ||||||| ||bul|| | ||
| 010 | _aKNG00187881000 | ||
| 020 |
_a978-954-27-1524-5 _bиздат.: Егмонт България |
||
| 040 | _aBLK | ||
| 041 |
_aBUL _cBUL |
||
| 072 | 7 |
_2bullib _aН85 _xДетска художествена литература Н |
|
| 080 |
_aАмериканска литература (на САЩ) _b821.111(73) _x-91-312.9 _z821.111(73)-91-312.9 |
||
| 100 | 1 |
_aГидуиц, Адам _eпърви автор _954009 |
|
| 700 |
_aМаринов, Александър Валентинов _d1979- _gПреводач от/на английски език _qАлександър Маринов-Санчо _9382244 |
||
| 700 | 1 |
_aДжонстън, Джо _eил. _9341657 |
|
| 139 |
_aГидуиц, Адам _bГ 46 |
||
| 245 | 1 | 0 |
_aИ какво? Ще ставаш джедай? _bОригинален преразказ на Междузвездни войни: Империята отвръща на удара _cАдам Гидуиц; прев. Александър Валентинов Маринов; ил. Джо Джонстън. |
| 257 | _aUSA | ||
| 260 |
_аСофия _bЕгмонт България _c2015 _fСофия : Инвестпрес |
||
| 300 |
_a304 с. _bс ил. _c19 см |
||
| 380 | _aDX | ||
| 490 | 1 | _aStar Wars | |
| 500 | _aОриг. загл. So You Want to Be a Jedi? - Името на ил. Joe Johnston погрешно отпеч. Joe Johnson. - За автора. | ||
| 653 | _aлитература за деца | ||
| 653 | _aфантастика | ||
| 653 | _aдетска литература | ||
| 659 | _aН | ||
| 852 | _aЦб 280564 | ||
| 856 | 4 |
_qpdf _u |
|
| 856 | 4 |
_qpdf _u |
|
| 942 |
_cKNG _n0 _014 |
||
| 944 |
_aCR _c19.05.2016 _lАнна Гръцманова _k30564 |
||
| 944 |
_aED _c05.06.2017 _lф / _kЛюдмила_Стоянова |
||
| 999 |
_c179109 _d179109 |
||